000
00231 a2200097 4500
001
28393
100
_a
Penner, S S
245
_a
Thermodynamics for scientists and Engineers
260
_a
_b
Addison Wesley
_c
090
_c
19001
_d
19001
942
_a
NUST-CAE
_c
M
_c
10005
999
_c
263466
_d
263466